| 000 | 01720nam a2200385 c 4500 | ||
|---|---|---|---|
| 003 | BLK | ||
| 005 | 20180422102932.0 | ||
| 008 | 180408b bul|||||r ||||||| ||bul|| | ||
| 010 | _aKNG00072113000 | ||
| 020 |
_a954-323-176-1 _bиздат.: Авангард Прима |
||
| 040 | _aBLK | ||
| 041 |
_aBUL _cBUL |
||
| 080 |
_aБио-библиографии _b016:929 _x _z016:929 |
||
| 080 |
_aБългарска литература _b821.163.2 _x(01) _z821.163.2(01) |
||
| 080 |
_a _b929 Прангов, Любен Георгиев _x _z929 Прангов, Любен Георгиев |
||
| 700 | 1 |
_aПрангов, Любен Георгиев _e* _9370782 |
|
| 100 | 1 |
_aЛюбенов, Любен _eпърви автор _gПрангов, Любен Георгиев _9363992 |
|
| 139 |
_aПрангов, Любен Георгиев _bП 84 |
||
| 245 | 1 | 0 |
_aИзбрана библиография 1948-2005 г. _c* Любен Георгиев Прангов; Любен Любенов. |
| 257 | _aBGR | ||
| 260 |
_аСофия _bАвангард Прима _c2006 |
||
| 300 |
_a78 с. _bс факс. _c21 см |
||
| 380 | _a0 | ||
| 500 | _aКор. загл. Библиография 1948-2003 г.. - Любен Любенов - псевд. на Любен Георгиев Прангов | ||
| 600 | 1 | 4 |
_aПрангов, Любен Георгиев _9370782 |
| 650 | 4 |
_aПисатели, български - библиографии _9245019 |
|
| 653 | _aбио-библиографии | ||
| 653 | _aбългарски писатели | ||
| 653 | _aЛюбен Прангов | ||
| 852 | _aЦб 231800 | ||
| 856 | 4 |
_qpdf _u |
|
| 856 | 4 |
_qpdf _u |
|
| 942 |
_cKNG _n0 |
||
| 944 |
_aCR _c23.02.2007 _kГеновева_Генчева |
||
| 944 |
_aED _c02.03.2007 _k |
||
| 999 |
_c67799 _d67799 |
||